Countries Without A in their Name - Statistics

General Stats
  • This quiz has been taken 42 times
  • The average score is 23 of 29
Answer Stats
Answer % Correct
Egypt
94%
Sweden
90%
Turkey
90%
Cyprus
87%
Fiji
87%
Liechtenstein
87%
Luxembourg
87%
Peru
87%
United Kingdom
87%
Belgium
84%
Belize
84%
Greece
84%
Kosovo
84%
Mexico
84%
Togo
84%
Yemen
84%
Chile
81%
Niger
81%
Comoros
77%
Morocco
77%
Djibouti
74%
Lesotho
74%
Philippines
74%
Seychelles
74%
Burundi
71%
Benin
68%
Brunei
55%
Montenegro
55%
Republic of the Congo
45%
No matching quizzes found
Score Distribution
Percent of People with Each Score
Percentile by Number Answered
Your Score History
You have not taken this quiz